Statystyki dla Polskie miasta bez samogłosek

Kliknij tutaj aby rozwiązać quiz!

Ogólne statystyki

  • Ten quiz został rozwiązany 152 razy
    (139 od ostatniego zresetowania)
  • Średni wynik to 64 z 92

Statystyki odpowiedzi

HintOdpowiedź% Poprawnych
WrszwWarszawa
97%
Zln GrZielona Góra
94%
KszlnKoszalin
93%
PłckPłock
93%
PznńPoznań
93%
SzczcnSzczecin
93%
ŁmżŁomża
92%
LblnLublin
92%
RdmRadom
92%
SndmrzSandomierz
92%
ZmśćZamość
92%
SłpskSłupsk
91%
TrńToruń
91%
LgncLegnica
90%
ChrzwChorzów
89%
KtwcKatowice
89%
ZkpnZakopane
89%
ŁdźŁódź
88%
SwłkSuwałki
88%
BłchtwBełchatów
86%
GdńskGdańsk
86%
Koło
86%
WrcłwWrocław
86%
lblgElbląg
84%
LsznLeszno
84%
RzszwRzeszów
84%
TrnbrzgTarnobrzeg
84%
WłbrzchWałbrzych
84%
BdgszczBydgoszcz
83%
BtmBytom
83%
GnznGniezno
83%
KrkwKraków
83%
KłbrzgKołobrzeg
82%
Nw TrgNowy Targ
82%
SsnwcSosnowiec
81%
CzstchwCzęstochowa
80%
lsztnOlsztyn
80%
Bł PdlskBiała Podlaska
79%
ŚwnjścŚwinoujście
79%
WłcłwkWłocławek
79%
GdnGdynia
77%
WdwcWadowice
77%
ZbrzZabrze
77%
RbnkRybnik
76%
SzczcnkSzczecinek
76%
Grzw WlkplskGorzów Wielkopolski
74%
SkrnwcSkierniewice
74%
ŚwbdznŚwiebodzin
74%
BłstkBiałystok
73%
KlczbrkKluczbork
72%
WłdsłwwWładysławowo
72%
GrdzdzGrudziądz
71%
KnnKonin
71%
ŁwczŁowicz
69%
MlcMielec
69%
PrzmślPrzemyśl
67%
Zdńsk WlZduńska Wola
67%
ZgrzlcZgorzelec
67%
GrjcGrójec
66%
KlcKielce
66%
PłńskPłońsk
66%
SrpcSierpc
62%
ŻwcŻywiec
60%
TczwTczew
59%
SdlcSiedlce
58%
łkEłk
57%
KtnKutno
57%
PbncPabianice
57%
Nw SczNowy Sącz
56%
SrdzSieradz
56%
MrgwMrągowo
53%
WlńWieluń
53%
KlszKalisz
52%
FrmbrkFrombork
51%
Kzmrz DlnKazimierz Dolny
51%
śwcmOświęcim
51%
RdmskRadomsko
51%
Mńsk MzwckMińsk Mazowiecki
47%
Grdzsk MzwckGrodzisk Mazowiecki
44%
PrszkwPruszków
43%
Piła
41%
SchczwSochaczew
40%
CchnwCiechanów
39%
SzcztnSzczytno
39%
Stlw WlStalowa Wola
38%
PłwPuławy
37%
TchTychy
37%
strłkOstrołęka
36%
DbcDębica
33%
LgnwLegionowo
33%
gstwAugustów
30%
strdOstróda
26%

Rozkład punktacji

Percentyl według liczby udzielonych odpowiedzi

Procent ludzi z każdym wynikiem

Twoja historia wyników

Nie rozwiązałeś tego quizu od ostatniego zresetowania